000 003000000a22001450004500
003 MACL
040 _aMACL
090 _c42730
_d42728
100 _aWilson, Andy
245 _aHow to Reduce Tension
260 _bLotus Press
_c2008
350 _a125
650 _aPsychology
942 _cBOOK
_k150/WIL
999 _c42279
_d42279